Loading...
| Literature - American | 0 | 7 | 1 | 1 | 65 | 17 | 45.43 | 4 | 6 | 38.76 | 51.52 |
| Fine Arts - Classical Music | 0 | 7 | 1 | 1 | 65 | 49 | 77.00 | 1 | 3 | 22.31 | 37.37 |
| Literature - European | 0 | 8 | 3 | 1 | 65 | 13 | 50.25 | 3 | 6 | 41.79 | 52.53 |
| Literature - World | 0 | 7 | 2 | 1 | 60 | 48 | 76.00 | 1 | 3 | 23.07 | 37.37 |
| Literature - British | 0 | 6 | 1 | 0 | 55 | 34 | 58.00 | 1 | 4 | 26.48 | 39.39 |
| Science - Other | 0 | 5 | 0 | 2 | 50 | 39 | 65.40 | 0 | 1 | 17.94 | 23.23 |
| Religion | 0 | 5 | 1 | 1 | 45 | 36 | 76.00 | 1 | 1 | 15.55 | 21.21 |
| Philosophy | 0 | 4 | 0 | 1 | 40 | 51 | 79.00 | 0 | 2 | 10.91 | 23.46 |
| Fine Arts - Painting and Sculpture | 0 | 4 | 1 | 0 | 35 | 31 | 59.75 | 1 | 2 | 18.73 | 25.25 |
| Fine Arts - Other | 0 | 4 | 2 | 0 | 30 | 20 | 66.75 | 2 | 2 | 15.25 | 28.28 |
| Science - Physics | 0 | 3 | 2 | 0 | 20 | 34 | 59.67 | 0 | 2 | 11.86 | 15.15 |
| History - World | 0 | 2 | 0 | 0 | 20 | 22 | 47.00 | 1 | 2 | 10.25 | 16.16 |
| History - Other | 0 | 2 | 0 | 0 | 20 | 76 | 90.00 | 0 | 1 | 3.82 | 7.07 |
| Science - Biology | 0 | 3 | 2 | 0 | 20 | 35 | 68.33 | 1 | 1 | 9.35 | 20.20 |
| History - European | 0 | 2 | 1 | 0 | 15 | 21 | 24.50 | 1 | 2 | 14.09 | 16.16 |
| Science - Chemistry | 0 | 2 | 1 | 1 | 15 | 76 | 82.00 | 1 | 1 | 2.11 | 10.10 |
| Social Science | 0 | 1 | 0 | 0 | 10 | 74 | 74.00 | 0 | 0 | 2.96 | 4.17 |
| Mythology | 0 | 1 | 1 | 0 | 5 | 82 | 82.00 | 0 | 0 | 2.98 | 6.06 |
| History - American | 0 | 1 | 1 | 0 | 5 | 71 | 71.00 | 0 | 0 | 2.88 | 6.06 |
| Popular Culture | 0 | 1 | 1 | 1 | 5 | 121 | 121.00 | 0 | 0 | 0.00 | 1.85 |